000 00908nam a2200253Ia 4500
003 OSt
005 20221005112239.0
006 a|||||r|||| 00| 0
007 ta
008 221004b |||||||| |||| 00| 0 pan d
020 _a9788171435814 (hbk)
_c140
024 _a3759
037 _b745, 12/03/2013, Bright Book Service
_cTextual
040 _aCRL
_cCRL
_bpan
041 _2pan
_apan
082 _aO153:g(Y5927), Q2
100 _aਸਿੰਘ, ਮਹਿਲ, ਥਦ.
245 0 _aਦਲਿਤ ਸਰੋਕਾਰ
_b ਸਿਧਾਂਤ ਤੇ ਵਿਹਾਰ
260 _aਅੰਮ੍ਰਿਤਸਰ
_bਰਵੀ ਸਾਹਿਤ ਭਾਰਤ
_c2012
300 _a128ਪੰ
_ccm.
650 _aਪੰਜਾਬੀ ਸਾਹਿਤ
942 _hO153:g(Y5927), Q2
_cTEXL
_2cc
999 _c1024316
_d1024316